La formación literaria de Rubén Darío
Gespeichert in:
| 1. Verfasser: | |
|---|---|
| Format: | Buch |
| Sprache: | Undetermined |
| Veröffentlicht: |
Nicaragua
Publicaciones del Centenario de Rubén Darío
1966
|
| Schlagworte: | |
| Tags: |
Tag hinzufügen
Keine Tags, Fügen Sie den ersten Tag hinzu!
|
MARC
| LEADER | 00000nam a2200000Ia 4500 | ||
|---|---|---|---|
| 008 | 170316s9999 xx 000 0 und d | ||
| 090 | |a 801 W-4f | ||
| 100 | |a Watland, Charles | ||
| 245 | |a La formación literaria de Rubén Darío | ||
| 260 | |a Nicaragua | ||
| 260 | |b Publicaciones del Centenario de Rubén Darío | ||
| 260 | |c 1966 | ||
| 300 | |a 187 páginas | ||
| 650 | |a TEORÍA LITERARIA | ||
| 650 | |a DARIO RUBÉN | ||
| 650 | |a FORMACIÓN LITERARIA | ||
| 650 | |a LITERATURA NICARAGÜENSE | ||
| 650 | |a ESCRITORES ESPAÑOLES | ||
| 650 | |a ESCRITORES HISPANOAMERICANOS | ||
| 999 | |c 20752 |d 20752 | ||
| 040 | |a cru BVZT | ||
| 942 | |c 15 D |h 801 W-4f |2 z | ||
